[Event "World Chess Olympiad 2018"]
[Site "Batumi"]
[Date "2018.09.28"]
[Round "5"]
[Board "2"]
[WhiteFideId "13100351"]
[White "Ralison Milanto Harifidy"]
[BlackFideId "10200037"]
[Black "Rahman Ziaur"]
[Result "0-1"]
[LiveChessVersion "1.4.8"]
[BlackElo "2477"]
[WhiteElo "2281"]

1. e4 {[%clk 1:30:53]} g6 {[%clk 1:30:42]} 2. d4 {[%clk 1:31:05]} Bg7
{[%clk 1:31:05]} 3. Nc3 {[%clk 1:31:18]} d6 {[%clk 1:31:08]} 4. Be3
{[%clk 1:31:23]} a6 {[%clk 1:31:13]} 5. f4 {[%clk 1:30:45]} b5 {[%clk 1:31:24]}
6. a3 {[%clk 1:30:52]} Bb7 {[%clk 1:30:54]} 7. Be2 {[%clk 1:30:24]} Nd7
{[%clk 1:30:25]} 8. Bf3 {[%clk 1:30:17]} e5 {[%clk 1:29:44]} 9. Nge2
{[%clk 1:27:48]} Ngf6 {[%clk 1:26:45]} 10. O-O {[%clk 1:25:30]} O-O
{[%clk 1:24:49]} 11. Ng3 {[%clk 1:18:39]} exd4 {[%clk 1:15:04]} 12. Bxd4
{[%clk 1:18:59]} c5 {[%clk 1:14:07]} 13. Bf2 {[%clk 1:18:40]} Qc7
{[%clk 1:13:48]} 14. Qd2 {[%clk 1:10:36]} Nb6 {[%clk 1:10:34]} 15. b3
{[%clk 1:09:33]} Rad8 {[%clk 1:10:10]} 16. Qe3 {[%clk 1:00:13]} Rfe8
{[%clk 1:06:07]} 17. Rad1 {[%clk 0:59:04]} Nfd5 {[%clk 0:58:38]} 18. Nxd5
{[%clk 0:59:00]} Nxd5 {[%clk 0:58:50]} 19. Qd2 {[%clk 0:54:18]} Nc3
{[%clk 0:57:24]} 20. Rde1 {[%clk 0:53:59]} d5 {[%clk 0:44:40]} 21. e5
{[%clk 0:52:46]} Ne4 {[%clk 0:41:14]} 22. Bxe4 {[%clk 0:51:41]} dxe4
{[%clk 0:40:14]} 23. Qc3 {[%clk 0:50:41]} Qc6 {[%clk 0:40:11]} 24. Be3
{[%clk 0:38:35]} Rc8 {[%clk 0:39:41]} 25. Rd1 {[%clk 0:36:50]} Qe6
{[%clk 0:36:30]} 26. Qa5 {[%clk 0:31:30]} Bf8 {[%clk 0:35:09]} 27. Rf2
{[%clk 0:21:21]} Qg4 {[%clk 0:30:04]} 28. Rfd2 {[%clk 0:20:35]} h5
{[%clk 0:29:33]} 29. Qb6 {[%clk 0:18:32]} Rb8 {[%clk 0:27:39]} 30. Rd8
{[%clk 0:17:12]} h4 {[%clk 0:24:38]} 31. Nf1 {[%clk 0:16:17]} h3 {[%clk 0:24:48]}
32. Ng3 {[%clk 0:14:26]} Bd5 {[%clk 0:20:31]} 33. Qxb8 {[%clk 0:07:33]} Qxd1+
{[%clk 0:20:51]} 34. Nf1 {[%clk 0:07:35]} hxg2 {[%clk 0:13:57]} 35. Kxg2
{[%clk 0:08:01]} Qxc2+ {[%clk 0:12:02]} 36. Kg1 {[%clk 0:07:39]} Rxd8
{[%clk 0:11:58]} 37. Qxd8 {[%clk 0:08:04]} Bxb3 {[%clk 0:11:47]} 38. e6
{[%clk 0:04:21]} fxe6 {[%clk 0:11:59]} 39. f5 {[%clk 0:03:00]} Qd1
{[%clk 0:11:18]} 40. Qe8 {[%clk 0:32:36]} Qg4+ {[%clk 0:41:19]} 41. Ng3
{[%clk 0:32:55]} Qd1+ {[%clk 0:36:40]} 42. Nf1 {[%clk 0:31:15]} Bc4
{[%clk 0:32:50]} 43. Qxg6+ {[%clk 0:27:21]} Kh8 {[%clk 0:32:55]} 44. Qf6+
{[%clk 0:24:13]} Bg7 {[%clk 0:33:09]} 0-1

[Event "World Chess Olympiad 2018"]
[Site "Batumi"]
[Date "2018.09.28"]
[Round "5"]
[Board "3"]
[WhiteFideId "10207791"]
[White "Mohammad Fahad Rahman"]
[BlackFideId "13100858"]
[Black "Andriamasoandro Miora"]
[Result "1-0"]
[LiveChessVersion "1.4.8"]
[BlackElo "2126"]
[WhiteElo "2263"]

1. e4 {[%clk 1:30:57]} c5 {[%clk 1:30:45]} 2. Nf3 {[%clk 1:31:21]} e6
{[%clk 1:30:15]} 3. d4 {[%clk 1:31:46]} cxd4 {[%clk 1:30:04]} 4. Nxd4
{[%clk 1:32:15]} a6 {[%clk 1:30:04]} 5. c4 {[%clk 1:32:18]} Nf6 {[%clk 1:29:25]}
6. Nc3 {[%clk 1:32:47]} d6 {[%clk 1:28:22]} 7. Be3 {[%clk 1:32:58]} g6
{[%clk 1:27:48]} 8. Be2 {[%clk 1:31:59]} Bg7 {[%clk 1:27:35]} 9. O-O
{[%clk 1:28:09]} O-O {[%clk 1:27:29]} 10. Qd2 {[%clk 1:27:56]} Nbd7
{[%clk 1:26:32]} 11. Rfd1 {[%clk 1:25:17]} Qc7 {[%clk 1:25:23]} 12. Bg5
{[%clk 1:02:22]} Re8 {[%clk 1:18:30]} 13. Nb3 {[%clk 0:56:34]} Bf8
{[%clk 1:17:10]} 14. Qf4 {[%clk 0:56:58]} Be7 {[%clk 0:52:28]} 15. c5
{[%clk 0:56:46]} e5 {[%clk 0:52:17]} 16. cxd6 {[%clk 0:50:06]} Qxd6
{[%clk 0:36:13]} 17. Rxd6 {[%clk 0:42:43]} exf4 {[%clk 0:36:22]} 18. Rd4
{[%clk 0:43:00]} Nf8 {[%clk 0:33:00]} 19. Bc4 {[%clk 0:34:46]} b5
{[%clk 0:29:55]} 20. Nd5 {[%clk 0:34:47]} Nxd5 {[%clk 0:23:43]} 21. Bxd5
{[%clk 0:35:16]} Ra7 {[%clk 0:23:55]} 22. Bxf4 {[%clk 0:35:38]} Ne6
{[%clk 0:23:52]} 23. Bb8 {[%clk 0:34:58]} Nxd4 {[%clk 0:20:08]} 24. Bxa7
{[%clk 0:32:48]} Nc2 {[%clk 0:15:38]} 25. Rd1 {[%clk 0:29:41]} Nb4
{[%clk 0:14:50]} 26. a3 {[%clk 0:24:43]} Nxd5 {[%clk 0:14:56]} 27. exd5
{[%clk 0:25:11]} Bd6 {[%clk 0:13:09]} 28. Bc5 {[%clk 0:24:23]} Rd8
{[%clk 0:11:59]} 29. Kf1 {[%clk 0:19:54]} Kf8 {[%clk 0:08:56]} 30. Ke2
{[%clk 0:19:12]} Bf5 {[%clk 0:09:02]} 31. Bxd6+ {[%clk 0:18:34]} Rxd6
{[%clk 0:09:24]} 32. Nc5 {[%clk 0:18:59]} Ke7 {[%clk 0:08:45]} 33. Ke3
{[%clk 0:18:12]} Rb6 {[%clk 0:07:18]} 34. b4 {[%clk 0:18:26]} Kd6
{[%clk 0:07:05]} 35. Kd4 {[%clk 0:18:40]} h5 {[%clk 0:06:05]} 36. f3
{[%clk 0:19:04]} Rb8 {[%clk 0:05:35]} 37. Rc1 {[%clk 0:17:43]} Rb6
{[%clk 0:01:24]} 38. Re1 {[%clk 0:15:48]} Rb8 {[%clk 0:00:40]} 39. Re3
{[%clk 0:16:10]} Bd7 {[%clk 0:00:58]} 40. Nxa6 {[%clk 0:46:22]} Rh8
{[%clk 0:30:39]} 41. Nc5 {[%clk 0:46:36]} Bf5 {[%clk 0:28:09]} 42. Ne4+
{[%clk 0:46:21]} Bxe4 {[%clk 0:27:14]} 43. fxe4 {[%clk 0:46:41]} Rc8
{[%clk 0:26:54]} 44. e5+ {[%clk 0:47:00]} Kd7 {[%clk 0:26:52]} 45. Rc3
{[%clk 0:47:16]} Ra8 {[%clk 0:27:14]} 46. d6 {[%clk 0:46:50]} Kd8
{[%clk 0:24:01]} 47. Kd5 {[%clk 0:46:49]} Rb8 {[%clk 0:22:15]} 48. Rc7
{[%clk 0:46:55]} Ra8 {[%clk 0:22:23]} 49. Rxf7 {[%clk 0:47:14]} Rxa3
{[%clk 0:22:50]} 50. Rf8+ {[%clk 0:47:35]} 1-0

[Event "World Chess Olympiad 2018"]
[Site "Batumi"]
[Date "2018.09.28"]
[Round "5"]
[Board "4"]
[WhiteFideId "13100424"]
[White "Rajaonarison Faniry"]
[BlackFideId "10200975"]
[Black "Islam Kh. Aminul"]
[Result "1-0"]
[LiveChessVersion "1.4.8"]
[BlackElo "2273"]
[WhiteElo "2126"]

1. e4 {[%clk 1:30:53]} e5 {[%clk 1:30:56]} 2. Nf3 {[%clk 1:31:14]} Nc6
{[%clk 1:31:18]} 3. Bb5 {[%clk 1:31:34]} a6 {[%clk 1:31:31]} 4. Ba4
{[%clk 1:31:54]} Nf6 {[%clk 1:31:49]} 5. O-O {[%clk 1:31:30]} b5 {[%clk 1:32:07]}
6. Bb3 {[%clk 1:31:54]} Bc5 {[%clk 1:32:34]} 7. Nc3 {[%clk 1:29:08]} d6
{[%clk 1:32:40]} 8. d3 {[%clk 1:26:14]} h6 {[%clk 1:19:27]} 9. a4
{[%clk 1:18:14]} Bg4 {[%clk 1:07:19]} 10. Be3 {[%clk 1:17:38]} b4
{[%clk 1:04:03]} 11. Nb1 {[%clk 1:13:33]} Bxe3 {[%clk 0:59:12]} 12. fxe3
{[%clk 1:13:55]} O-O {[%clk 0:58:26]} 13. Nbd2 {[%clk 1:13:38]} Na5
{[%clk 0:58:05]} 14. Qe1 {[%clk 1:13:18]} Rb8 {[%clk 0:52:00]} 15. Qg3
{[%clk 1:11:42]} Nxb3 {[%clk 0:48:36]} 16. Nxb3 {[%clk 1:11:45]} Be6 17. Na5
{[%clk 1:08:03]} Bd7 {[%clk 0:43:54]} 18. Nd2 {[%clk 1:08:25]} Nh5
{[%clk 0:43:37]} 19. Qe1 {[%clk 1:05:07]} Nf6 {[%clk 0:36:50]} 20. Nac4
{[%clk 1:00:43]} Be6 {[%clk 0:35:49]} 21. Na5 {[%clk 0:50:43]} Bd7
{[%clk 0:35:53]} 22. Qh4 {[%clk 0:49:55]} Nh7 {[%clk 0:35:41]} 23. Qg3
{[%clk 0:47:28]} Qg5 {[%clk 0:34:11]} 24. Qf3 {[%clk 0:43:42]} Nf6
{[%clk 0:31:47]} 25. h3 {[%clk 0:40:47]} Nh7 {[%clk 0:31:33]} 26. Kh2
{[%clk 0:40:10]} Qh4 {[%clk 0:29:15]} 27. Qf2 {[%clk 0:27:27]} Qxf2
{[%clk 0:29:02]} 28. Rxf2 {[%clk 0:27:52]} Ng5 {[%clk 0:28:41]} 29. b3
{[%clk 0:27:48]} Rbe8 {[%clk 0:23:29]} 30. Raf1 {[%clk 0:23:03]} g6
{[%clk 0:22:39]} 31. g4 {[%clk 0:22:22]} Kg7 {[%clk 0:22:27]} 32. Kg3
{[%clk 0:22:25]} Ne6 {[%clk 0:19:42]} 33. h4 {[%clk 0:20:41]} Re7
{[%clk 0:18:47]} 34. Ndc4 {[%clk 0:16:28]} Nc5 {[%clk 0:14:48]} 35. Nd2
{[%clk 0:13:44]} Ne6 {[%clk 0:13:58]} 36. Rh1 {[%clk 0:10:32]} Rh8
{[%clk 0:13:04]} 37. Nf3 {[%clk 0:10:00]} Nf8 {[%clk 0:12:42]} 38. h5
{[%clk 0:09:55]} Nh7 {[%clk 0:12:13]} 39. Rhf1 {[%clk 0:06:54]} Rf8
{[%clk 0:11:36]} 40. Nh4 {[%clk 0:36:49]} Re6 {[%clk 0:36:35]} 41. Nc4
{[%clk 0:32:56]} Nf6 {[%clk 0:33:04]} 42. Nd2 {[%clk 0:32:09]} gxh5
{[%clk 0:22:35]} 43. Nf5+ {[%clk 0:22:13]} Kh7 {[%clk 0:17:37]} 44. gxh5
{[%clk 0:15:49]} Nxh5+ {[%clk 0:16:17]} 45. Kf3 {[%clk 0:09:37]} Rg6
{[%clk 0:13:35]} 46. Rh2 {[%clk 0:08:02]} Ng7 {[%clk 0:13:37]} 47. Ke2
{[%clk 0:07:22]} Rf6 {[%clk 0:08:30]} 48. Nxg7 {[%clk 0:04:44]} Rxf1
{[%clk 0:04:01]} 49. Nh5 {[%clk 0:04:58]} Rg1 {[%clk 0:03:59]} 50. Nf6+
{[%clk 0:04:35]} Kg7 {[%clk 0:03:52]} 51. Nxd7 {[%clk 0:04:17]} Rd8
{[%clk 0:03:57]} 52. Nf3 {[%clk 0:04:36]} Rg6 {[%clk 0:02:13]} 53. Ndxe5
{[%clk 0:04:34]} dxe5 {[%clk 0:02:41]} 54. Nxe5 {[%clk 0:04:55]} Rh8
{[%clk 0:02:35]} 55. Nxg6 {[%clk 0:05:01]} fxg6 {[%clk 0:03:04]} 56. Kf3
{[%clk 0:04:03]} g5 57. c3 {[%clk 0:03:59]} bxc3 {[%clk 0:01:42]} 58. Rc2
{[%clk 0:04:23]} Kg6 {[%clk 0:01:36]} 59. Rxc3 {[%clk 0:04:43]} Kh5
{[%clk 0:01:05]} 60. Rxc7 {[%clk 0:04:55]} Kh4 {[%clk 0:01:14]} 61. Rc1
{[%clk 0:04:43]} Rf8+ {[%clk 0:01:04]} 62. Kg2 {[%clk 0:05:04]} Kg4
{[%clk 0:01:25]} 63. e5 {[%clk 0:04:58]} h5 {[%clk 0:01:21]} 64. e6
{[%clk 0:04:52]} Re8 {[%clk 0:01:10]} 65. Rc4+ {[%clk 0:05:02]} Kf5
{[%clk 0:01:29]} 66. Re4 {[%clk 0:05:25]} a5 {[%clk 0:01:12]} 67. e7
{[%clk 0:04:40]} Kf6 {[%clk 0:01:32]} 68. b4 {[%clk 0:04:51]} axb4
{[%clk 0:02:01]} 69. Rxb4 {[%clk 0:05:04]} Rxe7 {[%clk 0:02:26]} 70. e4
{[%clk 0:03:30]} Ke5 {[%clk 0:02:05]} 71. Kf3 {[%clk 0:03:28]} Rf7+
{[%clk 0:02:06]} 72. Ke3 {[%clk 0:03:48]} Rc7 {[%clk 0:02:08]} 73. a5
{[%clk 0:03:42]} Ra7 {[%clk 0:02:19]} 74. Rb6 {[%clk 0:04:06]} 1-0

[Event "World Chess Olympiad 2018"]
[Site "Batumi"]
[Date "2018.09.28"]
[Round "5"]
[Board "1"]
[WhiteFideId "13002783"]
[White "Wynn Zaw Htun"]
[BlackFideId "3901211"]
[Black "Iturrizaga Bonelli Eduardo"]
[Result "0-1"]
[LiveChessVersion "1.4.8"]
[BlackElo "2636"]
[WhiteElo "2473"]

1. Nf3 {[%clk 1:30:52]} d5 {[%clk 1:29:35]} 2. g3 {[%clk 1:31:07]} c5
{[%clk 1:29:56]} 3. Bg2 {[%clk 1:31:32]} Nc6 {[%clk 1:30:22]} 4. d3
{[%clk 1:31:32]} Nf6 {[%clk 1:28:30]} 5. O-O {[%clk 1:31:35]} g6 {[%clk 1:26:32]}
6. Nbd2 {[%clk 1:31:35]} Bg7 {[%clk 1:26:54]} 7. e4 {[%clk 1:31:39]} O-O
{[%clk 1:27:18]} 8. c3 {[%clk 1:29:27]} Qc7 {[%clk 1:27:17]} 9. Re1
{[%clk 1:28:28]} Rd8 {[%clk 1:26:22]} 10. Qe2 {[%clk 1:24:44]} b6
{[%clk 1:22:43]} 11. a4 {[%clk 1:17:01]} e6 {[%clk 1:15:12]} 12. exd5
{[%clk 1:13:11]} exd5 {[%clk 1:14:41]} 13. Nb3 {[%clk 1:10:49]} Ba6
{[%clk 0:52:19]} 14. Bf4 {[%clk 1:08:09]} Qc8 {[%clk 0:51:04]} 15. Qd1
{[%clk 0:58:25]} h6 {[%clk 0:43:55]} 16. Ne5 {[%clk 0:50:27]} Nxe5
{[%clk 0:36:15]} 17. Bxe5 {[%clk 0:50:29]} Qf5 {[%clk 0:36:29]} 18. Bxf6
{[%clk 0:46:55]} Bxf6 {[%clk 0:29:05]} 19. d4 {[%clk 0:43:22]} Rab8
{[%clk 0:20:59]} 20. dxc5 {[%clk 0:34:48]} bxc5 {[%clk 0:20:10]} 21. Rb1
{[%clk 0:22:04]} Rbc8 {[%clk 0:03:47]} 22. Bf1 {[%clk 0:15:29]} Bxf1
{[%clk 0:03:46]} 23. Kxf1 {[%clk 0:15:16]} d4 {[%clk 0:03:56]} 24. cxd4
{[%clk 0:14:11]} c4 {[%clk 0:02:50]} 25. Nd2 {[%clk 0:12:50]} Rxd4
{[%clk 0:02:37]} 26. Qe2 {[%clk 0:12:10]} Kg7 {[%clk 0:02:35]} 27. Kg1
{[%clk 0:10:54]} Rc5 {[%clk 0:01:09]} 28. Nf1 {[%clk 0:09:55]} Re5
{[%clk 0:00:34]} 29. Ne3 {[%clk 0:09:13]} Qe6 {[%clk 0:00:42]} 30. Rbd1
{[%clk 0:07:04]} Rde4 {[%clk 0:01:08]} 31. Qc2 {[%clk 0:05:43]} Qb6
{[%clk 0:00:53]} 32. Rf1 {[%clk 0:03:51]} Qc6 {[%clk 0:00:55]} 33. b3
{[%clk 0:03:31]} c3 {[%clk 0:00:36]} 34. Rd3 {[%clk 0:03:10]} Rh5
{[%clk 0:00:36]} 35. Rfd1 {[%clk 0:02:21]} Qe6 {[%clk 0:00:57]} 36. Rd6
{[%clk 0:02:03]} Qe8 {[%clk 0:00:33]} 37. Qd3 {[%clk 0:01:16]} Re6
{[%clk 0:00:44]} 38. Rd7 {[%clk 0:01:07]} Qb8 {[%clk 0:00:38]} 39. Qc4
{[%clk 0:01:12]} Rhe5 {[%clk 0:00:42]} 40. Qd3 {[%clk 0:30:38]} Qxb3
{[%clk 0:30:50]} 41. Rb1 {[%clk 0:24:51]} Qxa4 {[%clk 0:24:51]} 42. Rbb7
{[%clk 0:25:10]} Re7 {[%clk 0:24:40]} 43. Rxe7 {[%clk 0:15:13]} Rxe7
{[%clk 0:24:50]} 44. Rxe7 {[%clk 0:14:49]} Bxe7 {[%clk 0:25:15]} 45. Nd5
{[%clk 0:11:14]} Bc5 {[%clk 0:24:59]} 46. Nxc3 {[%clk 0:09:06]} Qb3
{[%clk 0:22:53]} 47. Qd2 {[%clk 0:08:29]} a5 {[%clk 0:22:57]} 48. Kg2
{[%clk 0:06:09]} Qc4 {[%clk 0:23:16]} 49. Na2 {[%clk 0:04:45]} a4
{[%clk 0:19:23]} 50. h4 {[%clk 0:03:37]} h5 {[%clk 0:18:32]} 51. f4
{[%clk 0:03:20]} a3 {[%clk 0:18:43]} 52. Kf3 {[%clk 0:02:25]} Qf1+
{[%clk 0:16:47]} 53. Ke4 {[%clk 0:02:34]} Qh1+ {[%clk 0:17:13]} 54. Ke5
{[%clk 0:02:26]} f6+ {[%clk 0:17:24]} 0-1

[Event "World Chess Olympiad 2018"]
[Site "Batumi"]
[Date "2018.09.28"]
[Round "5"]
[Board "2"]
[WhiteFideId "3900258"]
[White "Ynojosa Aponte Felix Jose"]
[BlackFideId "13000110"]
[Black "Nay Oo Kyaw Tun"]
[Result "0-1"]
[LiveChessVersion "1.4.8"]
[BlackElo "2389"]
[WhiteElo "2370"]

1. c4 {[%clk 1:30:30]} c6 {[%clk 1:30:37]} 2. e4 {[%clk 1:31:26]} d5
{[%clk 1:30:44]} 3. cxd5 {[%clk 1:31:53]} cxd5 {[%clk 1:31:04]} 4. exd5
{[%clk 1:32:21]} Nf6 {[%clk 1:30:54]} 5. Qa4+ {[%clk 1:32:11]} Nbd7
{[%clk 1:30:45]} 6. Nc3 {[%clk 1:31:32]} g6 {[%clk 1:30:51]} 7. Bc4
{[%clk 1:28:58]} Bg7 {[%clk 1:29:46]} 8. d3 {[%clk 1:28:44]} O-O {[%clk 1:29:19]}
9. Qb3 {[%clk 1:19:41]} a6 {[%clk 1:21:27]} 10. a4 {[%clk 1:19:51]} b6
{[%clk 1:21:44]} 11. Nge2 {[%clk 1:15:25]} Bb7 {[%clk 1:10:06]} 12. Be3
{[%clk 1:12:09]} Rc8 {[%clk 0:59:20]} 13. Nf4 {[%clk 1:02:53]} Nc5
{[%clk 0:53:29]} 14. Qa2 {[%clk 0:58:49]} b5 {[%clk 0:22:32]} 15. axb5
{[%clk 0:57:24]} axb5 {[%clk 0:20:55]} 16. Nxb5 {[%clk 0:56:21]} g5
{[%clk 0:20:22]} 17. Ne2 {[%clk 0:49:23]} Bxd5 {[%clk 0:18:30]} 18. O-O
{[%clk 0:43:50]} Nxd3 {[%clk 0:17:58]} 19. b3 {[%clk 0:38:52]} Nb4
{[%clk 0:16:01]} 20. Qa4 {[%clk 0:38:26]} Nc2 {[%clk 0:16:03]} 21. Rad1
{[%clk 0:35:53]} Nxe3 {[%clk 0:15:29]} 22. fxe3 {[%clk 0:35:56]} e6
{[%clk 0:14:05]} 23. Nec3 {[%clk 0:30:52]} Qb6 {[%clk 0:13:14]} 24. Bxd5
{[%clk 0:31:08]} Qxe3+ {[%clk 0:13:05]} 25. Kh1 {[%clk 0:31:37]} Nxd5
{[%clk 0:12:30]} 26. Nxd5 {[%clk 0:32:04]} exd5 {[%clk 0:12:53]} 27. Rxd5
{[%clk 0:30:29]} Rc1 {[%clk 0:08:51]} 28. Rdf5 {[%clk 0:24:38]} Rxf1+
{[%clk 0:08:49]} 29. Rxf1 {[%clk 0:25:06]} Rc8 {[%clk 0:08:37]} 30. Qa6
{[%clk 0:00:49]} Rc1 {[%clk 0:07:02]} 31. Nd6 {[%clk 0:01:03]} Qf4
{[%clk 0:06:40]} 32. Qc8+ Rxc8 {[%clk 0:06:55]} 33. Rxf4 {[%clk 0:00:59]} Rc1+
{[%clk 0:07:18]} 0-1

[Event "World Chess Olympiad 2018"]
[Site "Batumi"]
[Date "2018.09.28"]
[Round "5"]
[Board "3"]
[WhiteFideId "13001248"]
[White "Khin Than"]
[BlackFideId "3902501"]
[Black "Zavarce Sayago Oscar Enrique"]
[Result "0-1"]
[LiveChessVersion "1.4.8"]
[BlackElo "2346"]
[WhiteElo "2200"]

1. d4 {[%clk 1:30:55]} c5 {[%clk 1:30:11]} 2. e3 {[%clk 1:30:26]} Nf6
{[%clk 1:25:54]} 3. c3 {[%clk 1:29:32]} b6 {[%clk 1:22:57]} 4. Nf3
{[%clk 1:24:31]} Bb7 {[%clk 1:23:17]} 5. Bd3 {[%clk 1:24:41]} g6 {[%clk 1:19:19]}
6. Nbd2 {[%clk 1:24:57]} Bg7 {[%clk 1:18:13]} 7. O-O {[%clk 1:24:50]} O-O
{[%clk 1:11:13]} 8. e4 {[%clk 1:24:23]} d6 {[%clk 1:09:47]} 9. Re1
{[%clk 1:24:25]} Nc6 {[%clk 1:09:32]} 10. d5 {[%clk 1:22:18]} Ne5
{[%clk 1:09:35]} 11. Nxe5 {[%clk 1:22:22]} dxe5 {[%clk 1:10:00]} 12. Nc4
{[%clk 1:21:28]} Nh5 {[%clk 1:03:02]} 13. a4 {[%clk 1:13:10]} Rb8
{[%clk 0:37:46]} 14. Be2 {[%clk 1:09:10]} Nf4 {[%clk 0:29:58]} 15. Bf3
{[%clk 1:08:39]} Ba6 {[%clk 0:28:55]} 16. b3 {[%clk 1:08:15]} e6 {[%clk 0:24:48]}
17. Bxf4 {[%clk 0:47:18]} exf4 {[%clk 0:25:04]} 18. e5 {[%clk 0:47:11]} exd5
{[%clk 0:24:09]} 19. Bxd5 {[%clk 0:46:36]} Qc7 {[%clk 0:10:05]} 20. e6
{[%clk 0:36:49]} fxe6 {[%clk 0:10:26]} 21. Rxe6 {[%clk 0:37:09]} Kh8
{[%clk 0:10:32]} 22. Qf3 {[%clk 0:34:27]} Rbe8 {[%clk 0:04:06]} 23. Rae1
{[%clk 0:33:36]} Rxe6 {[%clk 0:02:18]} 24. Rxe6 {[%clk 0:34:04]} Bc8
{[%clk 0:02:15]} 25. Re1 {[%clk 0:31:26]} Bf5 {[%clk 0:02:21]} 26. h3
{[%clk 0:29:58]} a6 {[%clk 0:00:47]} 27. Nd2 {[%clk 0:26:24]} b5 {[%clk 0:01:07]}
28. axb5 {[%clk 0:26:23]} axb5 {[%clk 0:01:35]} 29. c4 {[%clk 0:26:23]} b4
{[%clk 0:02:03]} 30. Ne4 {[%clk 0:24:03]} h6 {[%clk 0:02:30]} 31. Re2
{[%clk 0:20:34]} Bd4 {[%clk 0:00:37]} 32. Ra2 {[%clk 0:20:04]} Qe7
{[%clk 0:00:32]} 33. Qxf4 {[%clk 0:18:58]} g5 {[%clk 0:01:01]} 34. Qd6
{[%clk 0:18:42]} Qxd6 {[%clk 0:01:30]} 35. Nxd6 {[%clk 0:19:01]} Bb1
{[%clk 0:01:46]} 36. Re2 {[%clk 0:18:57]} Bd3 {[%clk 0:01:17]} 37. Rd2
{[%clk 0:18:59]} Bg6 {[%clk 0:01:09]} 38. Nb5 {[%clk 0:18:17]} Bf6
{[%clk 0:00:34]} 39. f3 {[%clk 0:17:34]} Re8 {[%clk 0:00:50]} 40. Kf2
{[%clk 0:46:52]} Be5 {[%clk 0:30:33]} 41. g3 {[%clk 0:46:19]} h5 {[%clk 0:12:48]}
42. Bc6 {[%clk 0:45:17]} Re6 {[%clk 0:09:43]} 43. Be4 {[%clk 0:42:23]} Bxe4
{[%clk 0:04:13]} 44. fxe4 {[%clk 0:42:51]} Rf6+ {[%clk 0:04:41]} 45. Kg2
{[%clk 0:42:56]} h4 {[%clk 0:04:57]} 46. gxh4 {[%clk 0:37:25]} gxh4
{[%clk 0:05:25]} 47. Rd5 {[%clk 0:37:40]} Rg6+ {[%clk 0:00:56]} 48. Kf2
{[%clk 0:35:10]} Bh2 {[%clk 0:01:18]} 49. Rd3 {[%clk 0:34:50]} Bg3+
{[%clk 0:01:00]} 50. Ke2 {[%clk 0:35:01]} Rf6 {[%clk 0:00:55]} 51. Rf3
{[%clk 0:29:57]} Ra6 {[%clk 0:01:24]} 52. e5 {[%clk 0:27:48]} Ra2+
{[%clk 0:01:07]} 53. Kd3 {[%clk 0:27:25]} Bxe5 {[%clk 0:00:46]} 54. Ke4
{[%clk 0:27:34]} Bg3 {[%clk 0:00:41]} 55. Kf5 {[%clk 0:27:32]} Kg7
{[%clk 0:00:42]} 56. Rd3 {[%clk 0:22:50]} Rh2 {[%clk 0:01:10]} 57. Rd7+
{[%clk 0:22:36]} Kh6 {[%clk 0:01:07]} 58. Nd6 {[%clk 0:22:15]} Rf2+
{[%clk 0:01:28]} 59. Ke4 {[%clk 0:21:30]} Kg6 {[%clk 0:00:37]} 60. Nb7
{[%clk 0:20:31]} Re2+ {[%clk 0:00:33]} 61. Kf3 {[%clk 0:17:37]} Rf2+
{[%clk 0:00:34]} 62. Ke4 {[%clk 0:17:23]} Re2+ {[%clk 0:00:49]} 63. Kd3
{[%clk 0:11:59]} Rh2 {[%clk 0:01:02]} 64. Nxc5 {[%clk 0:12:04]} Rxh3
{[%clk 0:01:29]} 65. Ke4 {[%clk 0:11:41]} Rh1 {[%clk 0:00:42]} 66. Kf3
{[%clk 0:09:39]} Rf1+ {[%clk 0:00:34]} 67. Kg4 {[%clk 0:09:05]} Rf4+
{[%clk 0:00:34]} 68. Kh3 {[%clk 0:09:31]} Rf3 {[%clk 0:00:33]} 69. Rd3
{[%clk 0:09:59]} Rf1 {[%clk 0:00:35]} 70. Ne4 {[%clk 0:09:58]} Be5
{[%clk 0:00:32]} 71. Kg2 {[%clk 0:09:26]} Re1 {[%clk 0:00:36]} 72. Nd2
{[%clk 0:07:04]} Rd1 {[%clk 0:00:32]} 73. Nf3 {[%clk 0:07:16]} h3+
{[%clk 0:01:01]} 74. Kf2 {[%clk 0:06:25]} Bg3+ {[%clk 0:01:17]} 75. Ke2
{[%clk 0:06:28]} Rb1 {[%clk 0:00:32]} 76. Nd2 {[%clk 0:03:56]} Re1+ 0-1

[Event "World Chess Olympiad 2018"]
[Site "Batumi"]
[Date "2018.09.28"]
[Round "5"]
[Board "4"]
[WhiteFideId "4401859"]
[White "Palencia Morales Wilson Guillermo"]
[BlackFideId "13003100"]
[Black "Win Tun"]
[Result "1-0"]
[LiveChessVersion "1.4.8"]
[BlackElo "2235"]
[WhiteElo "2345"]

1. d4 {[%clk 1:30:58]} Nf6 {[%clk 1:30:55]} 2. Nf3 {[%clk 1:31:21]} g6
{[%clk 1:31:22]} 3. Nc3 {[%clk 1:31:44]} d5 {[%clk 1:31:44]} 4. Bg5
{[%clk 1:32:08]} Bg7 {[%clk 1:32:07]} 5. Bxf6 {[%clk 1:32:29]} Bxf6
{[%clk 1:32:07]} 6. e4 {[%clk 1:32:53]} dxe4 {[%clk 1:31:39]} 7. Nxe4
{[%clk 1:33:15]} Bg7 {[%clk 1:32:00]} 8. Bc4 {[%clk 1:33:28]} Nc6
{[%clk 1:29:06]} 9. c3 {[%clk 1:32:00]} O-O {[%clk 1:25:45]} 10. O-O
{[%clk 1:28:18]} Bf5 {[%clk 1:03:14]} 11. Re1 {[%clk 1:25:40]} Rb8
{[%clk 1:01:35]} 12. a4 {[%clk 1:21:29]} Na5 {[%clk 0:58:01]} 13. Ba2
{[%clk 1:18:22]} b6 {[%clk 0:54:36]} 14. b4 {[%clk 1:10:29]} Nb7 {[%clk 0:54:55]}
15. Ne5 {[%clk 0:39:06]} Bxe5 {[%clk 0:38:54]} 16. dxe5 {[%clk 0:35:36]} Qxd1
{[%clk 0:38:10]} 17. Raxd1 {[%clk 0:35:58]} Bxe4 {[%clk 0:35:44]} 18. Rxe4
{[%clk 0:36:18]} Rfd8 {[%clk 0:34:15]} 19. Rc1 {[%clk 0:36:36]} c5
{[%clk 0:31:05]} 20. h4 {[%clk 0:29:21]} Rbc8 {[%clk 0:30:12]} 21. Bc4
{[%clk 0:25:07]} cxb4 {[%clk 0:30:04]} 22. cxb4 {[%clk 0:24:59]} a5 23. Rb1
{[%clk 0:22:26]} axb4 {[%clk 0:17:05]} 24. Rf4 {[%clk 0:18:09]} e6
{[%clk 0:12:36]} 25. Ba6 {[%clk 0:12:05]} Rc7 {[%clk 0:13:01]} 26. Rbxb4
{[%clk 0:08:28]} Nc5 {[%clk 0:11:54]} 27. Rxb6 {[%clk 0:08:11]} Ra7
{[%clk 0:08:23]} 28. Bb5 {[%clk 0:07:58]} Rd1+ {[%clk 0:08:07]} 29. Kh2
{[%clk 0:08:22]} Ra1 {[%clk 0:07:13]} 30. Rc4 {[%clk 0:04:29]} Nxa4
{[%clk 0:04:43]} 31. Rb8+ {[%clk 0:04:53]} Kg7 {[%clk 0:05:02]} 32. g4
{[%clk 0:05:04]} Ra3 {[%clk 0:02:35]} 33. g5 {[%clk 0:04:24]} 1-0